Datum a čas kvízu
31.5
Celkem bodů
Celkový počet nahraných bodů na tomto kvízu bez doplňovacích otázek.
4.
Pořadí na kvízu
Konečné umístění týmu na tomto kvízu.
Zaznamenané odpovědi
| # | Otázka | Odpověď | Body | Výsledky |
|---|---|---|---|---|
| 1. | Dva roky po svatbě s kadeřníke... | 1 | ||
| 4. | Společnost Twitter na své inte... | 0 | ||
| 2. | Chystaná premiéra jednoho muzi... | 0 | ||
| 1. | Mezi občany od středy míří nov... | 1 | ||
| 5. | Fotbalisté v jisté evropské ze... | 0 | ||
| 10. | Jak se jmenuje vítězka US Open... | 1 | ||
| 7. | Ve kterém městě došlo v prosin... | 1 | ||
| 7. | Jak nazýváme druh úderu, při k... | 0 | ||
| 9. | Který z povrchů, na kterých se... | 1 | ||
| 10. | K našim nejlepším tenistkám se... | 1 |